000 00576nam a22002057a 4500
003 OSt
005 20140310183130.0
008 130601t xxu||||| |||| 00| 0 eng d
020 _a9718040331
050 _aPR 99
_b.D433 2001
082 _aFIL 425
_b.D44 2001
245 _aLittle lessons, little lectures
_cDeriada, Leoncio P.
260 _aIloilo City, Philippines :
_bSeguiban Printers and Publishing House,
_cc2001.
300 _a151 p.
_c220 cm.
521 _aCollege Students
526 _c1210L-1700L
541 _j1
562 _e1
942 _2lcc
_cBK
_kFil
999 _c19135
_d19135